| 000 | 00539nam a22001817a 4500 | ||
|---|---|---|---|
| 005 | 20171016170241.0 | ||
| 010 | _aENG-117992 B-680568 | ||
| 020 |
_a9788123023281 _c350.00 |
||
| 035 | _aEN-101524 | ||
| 035 | _aB-680568 | ||
| 037 | _bDBAD/PUB | ||
| 037 | _bPancy Books | ||
| 082 | _a954 | ||
| 245 |
_aIndia 2017 : _ba references annual / _ccomplied by New Media Wing |
||
| 260 |
_aNew Delhi _bPublications Division _c2017 |
||
| 270 |
_aSoochna Bhavan, C.G.O. Complex Lodhi Road, _bNew Delhi _e110003 |
||
| 300 |
_a992p.: _bill. _c24cm(pbk) |
||
| 999 |
_c139369 _d139369 |
||